000 02981nam0a2200397 4500
001 RU\NLR\BIBL_A\021948311
005 20230705173839.0
021 _aRU
_bКН-П-23-028962
_9КН-П-23-2869
035 _a(NLR Aleph) 021948311
090 _a13208218
_c13208218
100 _a20230526d2023 k y0rusy50 ca
101 0 _arus
_aeng
102 _aRU
105 _aa z 100zy
181 0 _ai3
_baxxe
182 0 _an
200 1 _aЯзык. Культура. Образование. Проблемы современной коммуникации
_eматериалы докладов 8-й ежегодной Международной научно-практической конференции "Язык. Культура. Образование. Проблемы современной коммуникации"
_eсборник научных статей
_fМинистерство науки и высшего образования РФ, Алтайский государственный университет, Институт истории и международных отношений, Кафедра иностранных языков
_gотв. редактор: канд. филол. наук, доцент С. Н. Сибирякова
203 _aТекст
_bвизуальный
_cнепосредственный
210 _aБарнаул
_cИзд-во Алтайского государственного университета
_d2023
215 _a148 с.
_cил., табл.
_d21
300 _aНа тит. с. ISSN: 2500-3461
300 _aТекст рус., англ.
309 _aНа тит. с. и обл.: Вып. 8
320 _aБиблиогр. в начале и конце статей
606 1 _aМежкультурная коммуникация
_jСъезды, совещания и т.п
_92368045
_3RU\NLR\AUTH\661413599
606 1 _aПедагогические технологии
_jСъезды, совещания и т.п
_92076378
_3RU\NLR\AUTH\661251519
686 1 _aЧ312я431
686 1 _aШ100.33я431
702 1 _aСибирякова
_bС. Н.
_gСветлана Николаевна
_4340
711 1 2 _a"Язык. Культура. Образование. Проблемы современной коммуникации", международная научно-практическая конференция
_d8
_eБарнаул
_f2023
_9850570
_3RU\NLR\AUTH\880592525
712 0 2 _4557
_aАлтайский государственный университет
_bИнститут истории и международных отношений
_bКафедра иностранных языков
_cБарнаул
_9809259
_3RU\NLR\AUTH\880571496
942 _cBOOK
980 _aNB